<?xml version="1.0" encoding="UTF-8"?>
<record
    xmlns:xsi="http://www.w3.org/2001/XMLSchema-instance"
    xsi:schemaLocation="http://www.loc.gov/MARC21/slim http://www.loc.gov/standards/marcxml/schema/MARC21slim.xsd"
    xmlns="http://www.loc.gov/MARC21/slim">

  <leader>01088nam a2200265Ia 4500</leader>
  <controlfield tag="005">20231102151652.0</controlfield>
  <controlfield tag="008">120625t2011    mx a   f      000 0 spa d</controlfield>
  <datafield tag="020" ind1=" " ind2=" ">
    <subfield code="a">978-607-406-276-2</subfield>
  </datafield>
  <datafield tag="040" ind1=" " ind2=" ">
    <subfield code="e">RDA</subfield>
  </datafield>
  <datafield tag="050" ind1=" " ind2=" ">
    <subfield code="a">HJ4629  D53 2011</subfield>
  </datafield>
  <datafield tag="100" ind1="1" ind2="0">
    <subfield code="a">D&#xCD;AZ Catrej&#xF3;n, Benjam&#xED;n.</subfield>
  </datafield>
  <datafield tag="245" ind1="1" ind2="0">
    <subfield code="a">Estudio pr&#xE1;ctico del ISR, IETU e IVA de bienes inmuebles para personas fisicas </subfield>
    <subfield code="c">/ Benjam&#xED;n, D&#xED;az Castrej&#xF3;n.</subfield>
  </datafield>
  <datafield tag="250" ind1=" " ind2=" ">
    <subfield code="a">4a ed.</subfield>
  </datafield>
  <datafield tag="260" ind1=" " ind2=" ">
    <subfield code="a">M&#xE9;xico</subfield>
    <subfield code="b"> : Ediciones Fiscales ISEF</subfield>
    <subfield code="c">, 2011</subfield>
  </datafield>
  <datafield tag="300" ind1=" " ind2=" ">
    <subfield code="a">168 p&#xE1;ginas </subfield>
  </datafield>
  <datafield tag="337" ind1=" " ind2=" ">
    <subfield code="a">texto</subfield>
  </datafield>
  <datafield tag="338" ind1=" " ind2=" ">
    <subfield code="a">sin medio</subfield>
  </datafield>
  <datafield tag="339" ind1=" " ind2=" ">
    <subfield code="a">volumen</subfield>
  </datafield>
  <datafield tag="500" ind1=" " ind2=" ">
    <subfield code="a">"Incluye cuadro comparativo de deducciones para ISR e IETU en arrendamiento de inmuebles" --Cubierta.</subfield>
  </datafield>
  <datafield tag="500" ind1=" " ind2=" ">
    <subfield code="a">Plan flexible
Licenciatura en 
14 004744, 14 004745</subfield>
  </datafield>
  <datafield tag="505" ind1=" " ind2=" ">
    <subfield code="a">Copropiedad, sociedad conyugal y sucesi&#xF3;n en actividdes  Arrendamiento de bienes inmuebles. 
Enajenaci&#xF3;n de bienes inmuebles. 
Adquisici&#xF3;n de bienes inmuebles.</subfield>
  </datafield>
  <datafield tag="650" ind1="1" ind2="0">
    <subfield code="a">IMPUESTOS SOBRE LA RENTA DE BIENES INMUEBLES -</subfield>
    <subfield code="z">M&#xC9;XICO.</subfield>
  </datafield>
  <datafield tag="650" ind1="2" ind2="0">
    <subfield code="a">BIENES INMUEBLES </subfield>
    <subfield code="z">M&#xC9;XICO.</subfield>
  </datafield>
  <datafield tag="942" ind1=" " ind2=" ">
    <subfield code="2">lcc</subfield>
    <subfield code="c">LB</subfield>
  </datafield>
  <datafield tag="952" ind1=" " ind2=" ">
    <subfield code="0">0</subfield>
    <subfield code="1">0</subfield>
    <subfield code="2">lcc</subfield>
    <subfield code="4">0</subfield>
    <subfield code="7">0</subfield>
    <subfield code="a">14</subfield>
    <subfield code="b">14</subfield>
    <subfield code="d">2011-10-03</subfield>
    <subfield code="l">0</subfield>
    <subfield code="o">HJ4629 D53 2011</subfield>
    <subfield code="p">14 004744</subfield>
    <subfield code="r">2014-05-09</subfield>
    <subfield code="t">2</subfield>
    <subfield code="w">2014-05-09</subfield>
    <subfield code="y">LB</subfield>
  </datafield>
  <datafield tag="952" ind1=" " ind2=" ">
    <subfield code="0">0</subfield>
    <subfield code="1">0</subfield>
    <subfield code="2">lcc</subfield>
    <subfield code="4">0</subfield>
    <subfield code="7">0</subfield>
    <subfield code="a">14</subfield>
    <subfield code="b">14</subfield>
    <subfield code="d">2016-04-05</subfield>
    <subfield code="l">0</subfield>
    <subfield code="o">HJ4629 D53 2011</subfield>
    <subfield code="p">14 004486</subfield>
    <subfield code="r">2016-04-05</subfield>
    <subfield code="t">1</subfield>
    <subfield code="w">2016-04-05</subfield>
    <subfield code="y">LB</subfield>
  </datafield>
  <datafield tag="999" ind1=" " ind2=" ">
    <subfield code="c">92688</subfield>
    <subfield code="d">92688</subfield>
  </datafield>
</record>
